000
00282nam a22001337a 4500
003
SGT
082
_a
617.63
_b
L16B
100
_a
BHAGAT, ANKUR
245
_a
LIPID PROFILE ESTIMATION IN PATIENTS
260
_a
SGTU
_c
2016
300
_a
61
650
_a
OMR DENTAL
942
_2
ddc
_c
TH
999
_c
20621
_d
20621